Психология сексуальности (Запись № 11978701)

Подробности
000 -МАРКЕР
контрольное поле 02004nam0a2200337 i 4500
001 - ИДЕНТИФИКАТОР ЗАПИСИ
контрольное поле RU\NLR\BIBL_A\011212135
005 - ИДЕНТИФИКАТОР ВЕРСИИ
контрольное поле 20241101120133.0
010 ## - МЕЖДУНАРОДНЫЙ СТАНДАРТНЫЙ НОМЕР КНИГИ (ISBN)
Номер (ISBN) 9785444608005
Тираж 1000
021 ## - НОМЕР ГОСУДАРСТВЕННОЙ РЕГИСТРАЦИИ
Код страны Российская Федерация
Номер 2016-66674
Номер Листа государственной регистраци 4273
035 ## - ДРУГИЕ СИСТЕМНЫЕ НОМЕРА
Идентификатор записи (NLR Aleph) 011212135
100 ## - ДАННЫЕ ОБЩЕЙ ОБРАБОТКИ
Данные общей обработки 20160914d2016 km y0rusy50 ca
101 0# - ЯЗЫК РЕСУРСА
Язык текста, звукозаписи и т.д. русский
102 ## - СТРАНА ПУБЛИКАЦИИ ИЛИ ПРОИЗВОДСТВА
Страна публикации Российская Федерация
105 ## - ПОЛЕ КОДИРОВАННЫХ ДАННЫХ: ТЕКСТОВЫЕ МАТЕРИАЛЫ, МОНОГРАФИЧЕСКИЕ
Кодированные данные о монографическом текстовом документе a|||j|||000zy
200 1# - ЗАГЛАВИЕ И СВЕДЕНИЯ ОБ ОТВЕТСТВЕННОСТИ
Основное заглавие Психология сексуальности
Сведения, относящиеся к заглавию учебное пособие к курсу "Психологическое консультирование в сексологии"
Первые сведения об ответственности Част. образоват. учреждение высш. образования "Открытый ин-т - Высш. проф. шк.", Рос. науч. сексол. о-во
Последующие сведения об ответственности [Е.А. Кащенко д.социол.н., проф. и др.]
-- под ред. Е.А. Кащенко
210 ## - ПУБЛИКАЦИЯ, РАСПРОСТРАНЕНИЕ И ДР.
Место издания, распространения и т.д. Воронеж
Имя издателя, распространителя и т. д. Научная книга
Дата издания, распространения и т.д. 2016
215 ## - ФИЗИЧЕСКАЯ ХАРАКТЕРИСТИКА
Специфическое обозначение материала и объем 535, [5] с.
Другие сведения о физической характеристике ил.
Размеры 21
320 ## - ПРИМЕЧАНИЯ О НАЛИЧИИ В ДОКУМЕНТЕ БИБЛИОГРАФИИ / УКАЗАТЕЛЯ
Текст примечания Библиогр. в подстроч. примеч. и в тексте
606 1# - НАИМЕНОВАНИЕ ТЕМЫ КАК ПРЕДМЕТ
Наименование темы Сексуальность
Формальный подзаголовок Учебные издания для высших учебных заведений
Тематический подзаголовок Психологические исследования
Системный номер авторитетной/нормативной записи 1596160
Идентификатор авторитетной/нормативной записи RU\NLR\AUTH\661000573
606 1# - НАИМЕНОВАНИЕ ТЕМЫ КАК ПРЕДМЕТ
Наименование темы Сексопатология
Формальный подзаголовок Учебные издания для высших учебных заведений
Тематический подзаголовок Психотерапия
Системный номер авторитетной/нормативной записи 2140862
Идентификатор авторитетной/нормативной записи RU\NLR\AUTH\661290360
686 1# - ИНДЕКСЫ ДРУГИХ КЛАССИФИКАЦИЙ
Индекс Ю937.3-342.1я73
686 1# - ИНДЕКСЫ ДРУГИХ КЛАССИФИКАЦИЙ
Индекс Р705-571я73
702 #1 - ИМЯ ЛИЦА - ВТОРИЧНАЯ ОТВЕТСТВЕННОСТЬ
Код отношения Составитель
Начальный элемент ввода Кащенко
Часть имени, кроме начального элемента ввода Е. А.
Дополнения к именам, кроме дат д-р социол. наук, сексолог
Даты 1957-
Расширение инициалов личного имени Евгений Августович
Системный номер авторитетной/нормативной записи 145514
Идентификатор авторитетной/нормативной записи RU\NLR\AUTH\770145550
712 02 - НАИМЕНОВАНИЕ ОРГАНИЗАЦИИ - ВТОРИЧНАЯ ОТВЕТСТВЕННОСТЬ
Код отношения Прочие
Начальный элемент ввода Открытый институт - Высшая профессиональная школа
Идентифицирующий признак Москва
Системный номер авторитетной/нормативной записи 534027
Идентификатор авторитетной/нормативной записи RU\NLR\AUTH\880434829
942 ## - ДОПОЛНИТЕЛЬНЫЕ ЭЛЕМЕНТЫ ЗАПИСИ (АБИС)
Тип экземпляра АБИС Книга
980 ## - КОЛЛЕКЦИЯ
Название коллекции Изъято
980 ## - КОЛЛЕКЦИЯ
Название коллекции НБР

Нет доступных экземпляров.